000 00433nam a2200157 i 4500
001 42360
003 ES-MaACL
005 20230906160610.0
007 t|
008 030313s1966 sp ||||1| spa d
100 1 _aCastillo Neira, G.
_936758
245 1 1 _a¿Dónde están los testigos? /
_cG. Castillo Neira.
260 _aVillava (Pamplona) :
_bOpe,
_c[1966]
300 _a161 p. ;
_c19 cm.
852 _aES-MaACL
_jC-32633
_bR.63486
999 _c42360
_d42360